000 00501nam a2200181Ia 4500
008 090124s9999 xx 000 0 und d
082 _b31373
100 _aमाने लक्ष्मण
245 _a उपरा
250 _a2
260 _bग्रंथाली प्रकाशन
_c1984
300 _a157
600 _aमाने लक्ष्मण
630 _a उपरा
700 _aमाने लक्ष्मण
730 _a उपरा
942 _cBOOK
999 _c97360
_d97360